000 00454nam a22001817a 4500
003 SGT
020 _a978934525078
082 _a610.73
_bP24L
100 _aLOHUMI, SHAMA
245 _aPROFESIONALISM PROFESSIONAL VELUES & ETHICS FOR BSC NURSING STUDENTS
250 _a1ST
260 _aINDIA
_bCBS PUB
_c2024
300 _a200
650 _aNURSING BOOK
653 _aPROFESIONALISM
653 _aPROFESSIONAL VELUES & ETHICS
942 _2ddc
_cBK
999 _c27552
_d27552